000 00420nam a22001457a 4500
005 20250712150050.0
008 250712b |||||||| |||| 00| 0 eng d
020 _a9780281048557
050 _aBT82
_b.2 PER
100 _aPERCY MARTYN
245 _aWORDS, WOUNDER AND POWER
_bUNDERSTANDING CONTEMPORARY CHRISTIAN FUNDAMENTALISM AND REVIVALISM
260 _aLONDON
_bSPCK
_cc1996
300 _axi, 202p
942 _2lcc
_cBK
_n0
999 _c6939
_d6939